000 00408nam a2200169Ia 4500
003 GCL
008 140319s9999 xx 000 0 eng d
040 _aGCL /
_cGCL
082 0 4 _a340.94
_bS L
100 1 _aSHAW, JO
245 1 0 _aLAW OF THE EUROPEAN UNION /
_cSHAW, JO
260 _a[S.N] :
_bMac Millan Press ،
_c1996
300 _a399 P
650 0 4 _aLAW
650 0 4 _aLAW - EUROPE
942 _2ddc
_cBK
999 _c13597
_d13597